000 00818nam a2200265 a 4500
001 21806
003 BD-RjUL
005 20211209000730.0
008 820105s1982 enka 000 0beng
020 _a0521245109 :
035 _a(BD-RjUL)21871
040 _aDLC
_cDLC
_dBD-RjUL
_beng
041 _aeng
082 0 0 _a575.00924
_219
_bWAA 1982
100 1 _aWard, Peter,
_d1934-
_q Peter Ward.
_967325
245 1 4 _aThe adventures of Charles Darwin /
_cPeter Ward .
260 _aCambridge,
_aNew York :
_bCambridge University Press,
_c1982.
300 _a96 p. :
_bill. (some col.) ;
_c23 cm.
600 1 0 _aDarwin, Charles,
_d1809-1882.
_936620
650 0 _aNaturalists
_zEngland
_vBiography.
_967326
700 1 _aLarge, Annabel.
_967327
942 _2ddc
_cBK
999 _c21806
_d21806